| 000 | 00583cam a2200193u 4500 | ||
|---|---|---|---|
| 999 |
_c127350 _d127350 |
||
| 001 | 6858843 | ||
| 003 | ARRUPE | ||
| 005 | 20180111120432.0 | ||
| 008 | 831220s1924 enk 000 0 eng | ||
| 010 | _a 25004224 | ||
| 040 |
_aDLC _cCarP _dDLC |
||
| 050 | 0 | 0 |
_aB1817.C73 _bS6 |
| 100 | 1 |
_aCollingwood, R. G. _q(Robin George), _d1889-1943. _923936 |
|
| 245 | 1 | 0 |
_aSpeculum mentis or the map of knowledge _cRobin George Collingwood |
| 260 |
_aOxford, _bRead Books Ltd, _c1911. |
||
| 300 |
_a327p. ; _c23 cm. |
||
| 500 | _aPublished originally in 1924 | ||
| 740 | 0 | _aMap of knowledge. | |
| 906 |
_a0 _bcbc _cpremunv _du _encip _f19 _gy-gencatlg |
||
| 942 |
_2lcc _cMONOGRAPH |
||